| 000 | 00617nam a2200217Ia 4500 | ||
|---|---|---|---|
| 005 | 20230523110212.0 | ||
| 008 | 131103s9999 xx 000 0 und d | ||
| 020 |
_a8174762116 _cRs.375 |
||
| 040 | _aLoreto College | ||
| 041 | _aEnglish | ||
| 082 |
_a330.954 _bRAN |
||
| 100 | _aRangarajan C. | ||
| 245 |
_aIndian economy _b essays on money and finance _cC.Rangarajan |
||
| 260 |
_aNew Delhi _bUBSPD _c1998 (1999 printing) |
||
| 300 | _axix,330 p. | ||
| 504 | _aIncludes bibliographical references and index | ||
| 650 | _aEconomics | ||
| 651 | _aIndia - Economic Conditions | ||
| 850 | _aLCLIB | ||
| 942 | _cBK | ||
| 999 |
_c7392 _d57871 |
||